00474cam a2200145 450008200120000010000170001224500550002926000280008430000220011250500380013465000240017294200070019699900130020395201120021600a547 FIN1 aFinar, I. L.00aOrganic chemistry .Vol1:The fundemental Principles aLondon,bLongman,c1962 av. 822pbillus.1 av. 1. The fundamental principles. 0aChemistry, Organic. cBK c274d274 0010708NFICaICbICcGENd2015-03-01l3o547 FINp001261r2022-11-17 00:00:00s2016-09-23w2015-03-01yBK